<?xml version="1.0" encoding="UTF-8"?>
<record
    xmlns:xsi="http://www.w3.org/2001/XMLSchema-instance"
    xsi:schemaLocation="http://www.loc.gov/MARC21/slim http://www.loc.gov/standards/marcxml/schema/MARC21slim.xsd"
    xmlns="http://www.loc.gov/MARC21/slim">

  <leader>01161nam a2200301 i 4500</leader>
  <controlfield tag="003">EG-GICUC</controlfield>
  <controlfield tag="005">20260308114138.0</controlfield>
  <controlfield tag="008">260308s2000    -us||||fr|||| 00| 0 eng d</controlfield>
  <datafield tag="020" ind1=" " ind2=" ">
    <subfield code="a">9041112219</subfield>
  </datafield>
  <datafield tag="020" ind1=" " ind2=" ">
    <subfield code="a">9789041112217</subfield>
  </datafield>
  <datafield tag="040" ind1=" " ind2=" ">
    <subfield code="a">EG-GiCUC</subfield>
    <subfield code="b">eng</subfield>
    <subfield code="c">EG-GiCUC</subfield>
    <subfield code="d">EG-GiCUC</subfield>
    <subfield code="e">rda</subfield>
  </datafield>
  <datafield tag="082" ind1="0" ind2="4">
    <subfield code="2">21</subfield>
    <subfield code="a">341.224</subfield>
  </datafield>
  <datafield tag="092" ind1="0" ind2="4">
    <subfield code="2">21</subfield>
  </datafield>
  <datafield tag="099" ind1=" " ind2=" ">
    <subfield code="a">Law 12 2000</subfield>
  </datafield>
  <datafield tag="245" ind1="0" ind2="0">
    <subfield code="a">Arbitral awards of the Cairo regional center for international commercial arbitration / </subfield>
    <subfield code="c">Compiled, translated and annotated by DR. Mohie ElDin I. Alam ElDin ; perface by M. I. M. Aboul-Enein ; English editing and legal commentary by Nudrat B. Majeed.</subfield>
  </datafield>
  <datafield tag="264" ind1=" " ind2=" ">
    <subfield code="a">The Hgue ;</subfield>
    <subfield code="a">London ; </subfield>
    <subfield code="a">Boston : </subfield>
    <subfield code="b">Kluwer law international, </subfield>
    <subfield code="c">2000.</subfield>
  </datafield>
  <datafield tag="300" ind1=" " ind2=" ">
    <subfield code="a">x, 258 pages ;</subfield>
    <subfield code="c">24 cm</subfield>
  </datafield>
  <datafield tag="336" ind1=" " ind2=" ">
    <subfield code="2">rda content</subfield>
    <subfield code="a">text</subfield>
  </datafield>
  <datafield tag="337" ind1=" " ind2=" ">
    <subfield code="2">rda media</subfield>
    <subfield code="a">Computer</subfield>
  </datafield>
  <datafield tag="338" ind1=" " ind2=" ">
    <subfield code="2">rda carrier</subfield>
    <subfield code="a">Online Resource</subfield>
  </datafield>
  <datafield tag="504" ind1=" " ind2=" ">
    <subfield code="a">Bibliography: pages 200-250.</subfield>
  </datafield>
  <datafield tag="650" ind1="1" ind2="0">
    <subfield code="a">Arbitration and award</subfield>
    <subfield code="z">Egypt</subfield>
  </datafield>
  <datafield tag="650" ind1="1" ind2="0">
    <subfield code="a">International commercial arbitration.</subfield>
  </datafield>
  <datafield tag="700" ind1="1" ind2=" ">
    <subfield code="a"> Alam ElDin, Mohie ElDin I. </subfield>
  </datafield>
  <datafield tag="856" ind1="4" ind2="0">
    <subfield code="u">https://fll.law.cu.edu.eg/fulltext/bks/ENGB12-00065.pdf</subfield>
  </datafield>
  <datafield tag="905" ind1=" " ind2=" ">
    <subfield code="a">10</subfield>
  </datafield>
  <datafield tag="942" ind1=" " ind2=" ">
    <subfield code="2">ddc</subfield>
    <subfield code="c">BK</subfield>
    <subfield code="e">21</subfield>
    <subfield code="n">0</subfield>
  </datafield>
  <datafield tag="999" ind1=" " ind2=" ">
    <subfield code="c">65824</subfield>
    <subfield code="d">65824</subfield>
  </datafield>
  <datafield tag="952" ind1=" " ind2=" ">
    <subfield code="0">0</subfield>
    <subfield code="1">0</subfield>
    <subfield code="2">ddc</subfield>
    <subfield code="4">0</subfield>
    <subfield code="7">0</subfield>
    <subfield code="8">&#x627;&#x644;&#x642;&#x627;&#x646;&#x648;&#x646; &#x627;&#x644;&#x62F;&#x648;&#x644;&#x64A; &#x627;&#x644;&#x62E;&#x627;&#x635;</subfield>
    <subfield code="a">CU</subfield>
    <subfield code="b">LAW2</subfield>
    <subfield code="d">2026-03-08</subfield>
    <subfield code="l">0</subfield>
    <subfield code="o">Law2 12 347.244 AR 2000 1200065 C1</subfield>
    <subfield code="p">ENGB12-00065</subfield>
    <subfield code="r">2026-03-08 11:42:31</subfield>
    <subfield code="t">1</subfield>
    <subfield code="w">2026-03-08</subfield>
    <subfield code="y">BK</subfield>
    <subfield code="z">1572</subfield>
  </datafield>
</record>
